¿Cómo garantizar una elección de directores en la cooperativa?
Uloženo v:
| Hlavní autor: | |
|---|---|
| Médium: | Text |
| Jazyk: | Spanish |
| Vydáno: |
México:
Centro Regional de Ayuda Técnica
|
| Tagy: |
Přidat tag
Žádné tagy, Buďte první, kdo vytvoří štítek k tomuto záznamu!
|
MARC
| LEADER | 00000 a a2200000 04500 | ||
|---|---|---|---|
| 001 | 17192 | ||
| 003 | cru CIDCACS/IIS | ||
| 005 | 20181207153503.0 | ||
| 008 | 181207b ||||| |||| 00| 0 spa d | ||
| 999 | |c 17312 |d 17312 | ||
| 040 | |c cru CIDCACS/IIS | ||
| 100 | |a Rust, Irwin W. | ||
| 245 | |a ¿Cómo garantizar una elección de directores en la cooperativa? | ||
| 260 | |a México: |b Centro Regional de Ayuda Técnica | ||
| 300 | |a 19 páginas | ||
| 942 | |2 ddc |c LI | ||
